Boston MBTA B Line Stops Quiz Stats

 Plays Quiz not verified by Sporcle

Challenge
Share
Tweet
Embed
Score 0/66 Timer 10:00
0 Plays Today
Line Stop % Correct
B LineBoston College
87.8%
All LinesBoylston
85.7%
All LinesCopley
85.7%
All Lines Government Center
83.7%
B-C-D LinesKenmore
83.7%
All LinesLechmere
81.6%
All LinesArlington
81.6%
All LinesPark Street
79.6%
C LineCleveland Circle
77.6%
All LinesNorth Station
75.5%
All LinesScience Park
73.5%
All LinesHaymarket
73.5%
B LineBoston University East
71.4%
B LineBoston University West
71.4%
B-C-D LinesHynes Convention Center
69.4%
B LineBoston University Central
69.4%
D LineFenway
69.4%
E LineHeath Street
65.3%
B LineHarvard Avenue
63.3%
D LineLongwood
63.3%
E LinePrudential
63.3%
C LineCoolidge Corner
61.2%
D LineRiverside
61.2%
D LineBrookline Village
59.2%
D LineChestnut Hill
59.2%
D LineNewton Center
59.2%
B LinePackard's Corner
57.1%
D LineReservoir
57.1%
E LineSymphony
57.1%
E LineMuseum of Fine Arts
57.1%
B LineSt. Paul Street
55.1%
C LineSt. Paul Street
55.1%
B LineBabcock Street
51%
Line Stop % Correct
E LineNortheastern University
51%
B LineBlandford Street
49%
B LineWashington Street
49%
D LineBrookline Hills
46.9%
D LineWaban
44.9%
B LinePleasant Street
42.9%
B LineGriggs Street
42.9%
B LineChestnut Hill Avenue
42.9%
C LineSt. Mary's Street
42.9%
D LineNewton Highlands
42.9%
B LineAllston Street
38.8%
B LineSouth Street
38.8%
D LineBeaconsfield
38.8%
C LineWashington Square
36.7%
E LineBack of the Hill
36.7%
D LineEliot
34.7%
E LineLongwood Medical
34.7%
B LineWarren Street
32.7%
D LineWoodland
32.7%
B LineChiswick Road
30.6%
B LineSutherland Road
28.6%
C LineKent Street
24.5%
C LineDean Road
24.5%
C LineEnglewood Avenue
24.5%
E LineBrigham Circle
24.5%
E LineMission Park
22.4%
E LineRiverway
22.4%
C LineHawes Street
20.4%
C LineSummit Avenue
20.4%
C LineTappan Street
20.4%
E LineFenwood Road
20.4%
C LineFairbanks
18.4%
C LineBrandon Hall
16.3%

You're not logged in!

Compare scores with friends on all Sporcle quizzes.
Join for Free
OR
Log In

You Might Also Like...

Show Comments

Extras

Created Sep 28, 2010ReportNominate
Tags:boston, mbta, transportation

Top Quizzes Today


Score Distribution

Your Account Isn't Verified!

In order to create a playlist on Sporcle, you need to verify the email address you used during registration. Go to your Sporcle Settings to finish the process.

Report this User

Report this user for behavior that violates our Community Guidelines.

Details: